000 00681nmm a2200217Ia 4500
008 251105s9999||||xx |||||||||||||||||und||
020 _a9788498950984
041 _aspa
100 _aVillareal, José Javier
245 0 _aLa Poesía del siglo XX en Brasil :
_b Antología Esencial
264 _a[Madrid, España] :
_bVisor Libros,
_c2012
300 _a587 páginas
490 _aLa estafeta del viento
650 _aLatin American poetry
700 _aVillareal, José Javier
700 1 _a Villareal, José Javier
700 1 _a Villareal, José Javier
700 1 _a Villareal, José Javier
856 _uhttps://public.digitaliapublishing.com/a/27826
942 _cCF
999 _c72430
_d72430